Problems approach to introductory biology (Record no. 1208427)

MARC details
000 -LEADER
fixed length control field 00883nam a2200277Ia 4500
003 - CONTROL NUMBER IDENTIFIER
control field OSt
005 - DATE AND TIME OF LATEST TRANSACTION
control field 20221007121106.0
008 - FIXED-LENGTH DATA ELEMENTS--GENERAL INFORMATION
fixed length control field 221006b |||||||| |||| 00| 0 eng d
020 ## - INTERNATIONAL STANDARD BOOK NUMBER
International Standard Book Number 1555813720 (pbk)
037 ## - SOURCE OF ACQUISITION
Terms of availability Textbook
040 ## - CATALOGING SOURCE
Original cataloging agency BDL
Transcribing agency BDL
Language of cataloging eng
041 ## - LANGUAGE CODE
Source of code eng
Language code of text/sound track or separate title eng
100 ## - MAIN ENTRY--PERSONAL NAME
Personal name White Brian
9 (RLIN) 445039
245 #0 - TITLE STATEMENT
Title Problems approach to introductory biology
Remainder of title Mischke Michelle
260 ## - PUBLICATION, DISTRIBUTION, ETC.
Place of publication, distribution, etc. Washington
Name of publisher, distributor, etc. DC ASM Press
Date of publication, distribution, etc. 2006
300 ## - PHYSICAL DESCRIPTION
Extent xi, 265p. Includes CD-Rom
Dimensions cm.
650 ## - SUBJECT ADDED ENTRY--TOPICAL TERM
Topical term or geographic name entry element Biology-problems
9 (RLIN) 710633
650 ## - SUBJECT ADDED ENTRY--TOPICAL TERM
Topical term or geographic name entry element Botany
700 ## - ADDED ENTRY--PERSONAL NAME
Personal name Mischke Michelle
9 (RLIN) 445040
942 ## - ADDED ENTRY ELEMENTS (KOHA)
Classification part G, P6 Carb
Koha item type Textbook
Source of classification or shelving scheme Colon Classification (CC)
Holdings
Withdrawn status Lost status Source of classification or shelving scheme Damaged status Not for loan Home library Current library Date acquired Source of acquisition Total Checkouts Full call number Barcode Date last seen Price effective from Koha item type
    Colon Classification (CC)     Department of Botany Library Department of Botany Library 2022-10-07 119, 10/12/2010, Dhanraj Book House   G P6 Carb BD0005488 2022-10-07 2022-10-07 Textbook
Copyright @ Delhi University Library System